000 01092cam a22002174a 4500
005 20250605164007.0
008 250528s ||||||||||||||||||||||||d
035 _a15840
020 _a70447543
040 _aGR-AtMCL
_bgre
_dGR-AtMCL
_eAACR2
245 1 _aDatabase System Concepts / Second Edition
250 _a2nd
260 _bMcgraw Hill Book Company,
_c1991
300 _a694
520 _aThis book shows how to solve many of the problems encountered in designing and using a database system. Preface, Introduction, Entity-Relationship Model, Relational Model, Relational Commercial Languages, Integrity Constraints, Relational Database Design, File and System Structure, Indexing and Hashing, Query Processing, Crash Recovery, Concurrency Control, Transaction Processing, Object-Oriented Model, Extended Relational Systems, Distributed Databases, Security and Integrity, Case Studies, A Network Model, Hierarchical Model, Bibliography, Index.
700 1 _aKorth Henry F
_91852
700 1 _aSilberschatz Abraham
_91853
942 _cBK
999 _c1390
_d1390